Stav zákaziek a finančné ukazovatele stavebných podnikov SR za 4. štvrťrok 1997

Uložené v:
Podrobná bibliografia
Médium: Kniha
Jazyk:Slovak
Vydavateľské údaje: Bratislava Štatistický úrad Slovenskej republiky 1998
Edícia:Energetika, priemysel a stavebníctvo
Predmet:
Tagy: Pridať tag
Žiadne tagy, Buďte prvý, kto otaguje tento záznam!

MARC

LEADER 00000nam a2200000 4500
001 c100417
005 20260206111347.6
041 0 |a slo 
044 |a SK 
245 1 0 |a Stav zákaziek a finančné ukazovatele stavebných podnikov SR za 4. štvrťrok 1997 
264 1 |a Bratislava  |b Štatistický úrad Slovenskej republiky  |c 1998 
300 |a 86 s. 
490 1 |a Energetika, priemysel a stavebníctvo 
830 0 |a Energetika, priemysel a stavebníctvo 
610 2 0 |a Slovensko 
610 2 0 |a stavebníctvo 
610 2 0 |a podnik stavebný 
610 2 0 |a ukazovatele finančné 
610 2 0 |a zákazky